000 00546nam a2200193Ia 4500
999 _c14817
_d14817
003 OSt
005 20201104095321.0
008 190216s9999||||xx |||||||||||||| ||und||
020 _a9788130906362
040 _coclc
082 _a823.8
_bCAR/A
100 _aCarroll, Lewis
_95302
245 0 _aAlice's Adventures In Wonderland /
_cLewis Carroll ; Harold Bloom
250 _a1st Ed.
260 _bViva Books,
_c2007.
_aNew Delhi:
300 _a247p
650 _aEnglish
942 _cBK
_2ddc
_h823.8
_iCAR/A
_k823.8
_mCAR/A